Lana Del Rey - Chansons de l'album Born to Die - Statistiques

Statistiques générales
  • Ce quiz a été pris 51 fois
  • Le résultat moyen est 16 sur 24
Statistiques - réponses
Hint Réponse % Correct
Born to Die 1 Born to Die
97%
Born to Die Édition Paradise 21 Gods & Monsters
84%
Born to Die 11 Summertime Sadness
84%
Born to Die 3 Blue Jeans
81%
Born to Die 6 National Anthem
77%
Born to Die 4 Video Games
74%
Born to Die 7 Dark Paradise
71%
Born to Die Édition Deluxe 14 Lolita
71%
Born to Die 5 Diet Mountain Dew
68%
Born to Die Édition Paradise 16 Ride
68%
Born to Die 12 This Is What Makes Us Girls
68%
Born to Die 2 Off To The Races
65%
Born to Die 8 Radio
65%
Born to Die Édition Paradise 18 Cola
61%
Born to Die 10 Million Dollar Man
61%
Born to Die Édition Paradise 23 Bel Air
58%
Born to Die Édition Paradise 22 Yayo
58%
Born to Die Édition Paradise 17 American
55%
Born to Die Édition Paradise 20 Blue Velvet
55%
Born to Die 9 Carmen
55%
Born to Die Édition Deluxe 15 Lucky Ones
55%
Born to Die Édition Deluxe 13 Without You
52%
Born to Die Édition Paradise 24 Burning Desire
48%
Born to Die Édition Paradise 19 Body Electric
45%
Aucun quiz correspondant
Distribution des résultats
% des personnes avec chaque résultat
Percentile par nombre de réponses
Votre historique - résultats
Vous n’avez pas pris ce quiz